Star Wars Planets Quiz - Statistics

General Stats
  • This quiz has been taken 1,602 times
    1,532 since last reset
  • The average score is 18 of 28
Answer Stats
Film Hint Answer % Correct
A New Hope Home planet of Anakin and Luke Skywalker Tatooine
100%
Planet blown up by the Death Star Alderaan
96%
The Empire Strikes Back Frozen planet where the Rebels are nearly defeated Hoth
93%
Swamp planet where Luke finds Yoda Dagobah
92%
Return of the Jedi Planet whose forest moon is populated by teddy bears Endor
91%
The Phantom Menace Home of the Gungans Naboo
89%
City planet where the Republic government is located Coruscant
87%
Attack of the Clones Planet where the Republic's clone army was grown Kamino
87%
Home planet of the Wookiees Kashyyyk
86%
Volcanic planet where Darth Vader is defeated by Obi-Wan Mustafar
86%
Planet where Cloud City is located Bespin
83%
Where the first battle of the Clone Wars takes place Geonosis
83%
Gas giant whose fourth moon held a Rebel base Yavin
83%
The Force Awakens Desert planet full of crashed starships, where Rey grew up Jakku
76%
Revenge of the Sith Planet where General Grievous is killed Utapau
65%
Where Princess Leia told Tarkin the Rebel base was located Dantooine
60%
Jungle planet where Aayla Secura was gunned down by clones Felucia
55%
Location of Maz Kanata's castle Takodana
48%
Salty planet where Kylo Ren squares off against Luke (sort of) Crait
44%
Location of Imperial data center Scarif
43%
Planet where Rey finds Luke Skywalker living in isolation Ahch-To
38%
Planet where Ki-Adi Mundi is killed by clones Mygeeto
35%
Moon where Saw Gerrera's base was located Jedha
33%
Center of the New Republic, which is destroyed by Starkiller Base Hosnian Prime
31%
Casino planet where Finn and Rose look for a hacker Cantonica
26%
The Last Jedi Location of the Resistance base, which is attacked as the Resistance fleet tries to evacuate D'Qar
22%
Location of an Imperial labor camp where Jyn Erso is rescued by the Rebellion Wobani
13%
Rogue One Planet where Galen Erso is found by the Imperials Lah'mu
10%
No matching quizzes found
Score Distribution
Percent of People with Each Score
Percentile by Number Answered
Your Score History
You have not taken this quiz since the last reset